Printed maps in the atlases of Great Britain and Ireland (Record no. 87467)

MARC details
000 -LEADER
fixed length control field 00606cam a2200205 4500
001 - CONTROL NUMBER
control field D14626
008 - FIXED-LENGTH DATA ELEMENTS--GENERAL INFORMATION
fixed length control field 1966 bf 1
035 ## - SYSTEM CONTROL NUMBER
System control number (Sirsi) u17034
041 0# - LANGUAGE CODE
Language code of text/sound track or separate title eng
050 04 - LIBRARY OF CONGRESS CALL NUMBER
Classification number 016.5268 $2 18
100 1# - MAIN ENTRY--PERSONAL NAME
Personal name Chubb, Thomas
245 00 - TITLE STATEMENT
Title Printed maps in the atlases of Great Britain and Ireland
Remainder of title a bibliography 1579-1870
260 ## - PUBLICATION, DISTRIBUTION, ETC.
Place of publication, distribution, etc. London
Name of publisher, distributor, etc. Dawson
Date of publication, distribution, etc. 1966
300 ## - PHYSICAL DESCRIPTION
Extent 479p.
Other physical details ill.
Dimensions 28cm
350 ## - PRICE (NR) (BK AM CF MU VM SE) [OBSOLETE]
Price 10.50
651 #4 - SUBJECT ADDED ENTRY--GEOGRAPHIC NAME
Geographic name United Kingdom
Chronological subdivision
690 ## - LOCAL SUBJECT ADDED ENTRY--TOPICAL TERM (OCLC, RLIN)
Topical term or geographic name as entry element ENVIRONMENTAL AND LAND CONSULTANCY-GEOMATICS-MAPPING AND POSITIONING-CARTOGRAPHY
942 ## - ADDED ENTRY ELEMENTS (KOHA)
Suppress in OPAC 0
948 ## - LOCAL PROCESSING INFORMATION (OCLC); SERIES PART DESIGNATOR (RLIN)
c (OCLC) 04/03/1997
Holdings
Withdrawn status Lost status Source of classification or shelving scheme Damaged status Not for loan Home library Current library Shelving location Date acquired Cost, normal purchase price Total Checkouts Full call number Barcode Date last seen Copy number Cost, replacement price Price effective from Koha item type
    Dewey Decimal Classification     London London Basement 06/08/1991 10.50   BASEMENT F528.9 CHU 30000580 13/09/2023 1 10.50 06/08/2019 Archive